Pendidikan inklusif di Malaysia

Bibliographic Details
Format: Book
Published: Tanjong Malim, Perak : Universiti Pendidikan Sultan Idris 2023
Subjects:

MARC

LEADER 00000cam a2200000 7i4500
001 0000094772
005 20250212155018.0
008 250115 may
020 |a 9786297524702 (  |q (paperback)) 
040 |e rda 
041 |a Malay 
090 0 0 |a 371.9046   |b PEN 
245 1 0 |a Pendidikan inklusif di Malaysia 
264 1 |a Tanjong Malim, Perak :   |b Universiti Pendidikan Sultan Idris   |c 2023 
300 |a 235 pages :   |b illustrations, photographs ;   |c 26 cm. 
336 |a text  |2 rdacontent 
337 |a unmediated  |2 rdamedia 
338 |a volume  |2 rdacarrier 
541 |c Purchased on 2024   |f 00001768 PDW   |h RM30.00 
650 2 0 |a Children with disabilities   |x Education   |z Malaysia 
650 2 0 |a Inclusive education   |z Malaysia 
651 0 |a Education   |z Malaysia 
651 0 |a Mainstreaming in education   |x Education   |z Malaysia 
730 0 |a Title 
999 |a 0001799861   |b Book   |c Teenagers   |e Desa - PPAJ 
999 |a 0001799862   |b Book   |c Teenagers   |e Desa - PPAJ 
999 |a 0001799863   |b Book   |c Teenagers   |e Desa - PPAJ 
999 |a 0001799864   |b Book   |c Teenagers   |e Desa - PPAJ 
999 |a 0001799865   |b Book   |c Teenagers   |e Desa - PPAJ 
999 |a 0001799866   |b Book   |c Teenagers   |e Desa - PPAJ 
999 |a 0001799867   |b Book   |c Teenagers   |e Desa - PPAJ 
999 |a 0001799868   |b Book   |c Teenagers   |e Desa - PPAJ 
999 |a 0001799869   |b Book   |c Teenagers   |e Desa - PPAJ 
999 |a 0001799870   |b Book   |c Teenagers   |e Desa - PPAJ 
999 |a 0001799871   |b Book   |c Teenagers   |e Desa - PPAJ 
999 |a 0001799872   |b Book   |c Teenagers   |e Desa - PPAJ 
999 |a 0001799873   |b Book   |c Teenagers   |e Desa - PPAJ 
999 |a 0001799874   |b Book   |c Teenagers   |e Desa - PPAJ 
999 |a 0001799875   |b Book   |c Teenagers   |e Desa - PPAJ 
999 |a 0001799876   |b Book   |c Teenagers   |e Desa - PPAJ 
999 |a 0001799877   |b Book   |c Teenagers   |e Desa - PPAJ 
999 |a 0001799878   |b Book   |c Teenagers   |e Desa - PPAJ 
999 |a 0001799879   |b Book   |c Teenagers   |e Desa - PPAJ 
999 |a 0001799880   |b Book   |c Teenagers   |e Desa - PPAJ 
999 |a 0001799881   |b Book   |c Teenagers   |e Desa - PPAJ 
999 |a 0001799882   |b Book   |c Teenagers   |e Desa - PPAJ 
999 |a 0001799883   |b Book   |c Teenagers   |e Desa - PPAJ 
999 |a 0001799884   |b Book   |c Teenagers   |e Desa - PPAJ 
999 |a 0001799885   |b Book   |c Teenagers   |e Desa - PPAJ 
999 |a 0001799886   |b Book   |c Teenagers   |e Desa - PPAJ 
999 |a 0001799887   |b Book   |c Teenagers   |e Desa - PPAJ 
999 |a 0001799888   |b Book   |c Teenagers   |e Desa - PPAJ 
999 |a 0001799889   |b Book   |c Teenagers   |e Desa - PPAJ 
999 |a 0001799890   |b Book   |c Teenagers   |e Desa - PPAJ 
999 |a 0001799891   |b Book   |c Teenagers   |e Desa - PPAJ 
999 |a 0001799892   |b Book   |c Teenagers   |e Desa - PPAJ 
999 |a 0001799893   |b Book   |c Teenagers   |e Desa - PPAJ 
999 |a 0001799894   |b Book   |c Teenagers   |e Desa - PPAJ 
999 |a 0001799895   |b Book   |c Teenagers   |e Desa - PPAJ 
999 |a 0001799896   |b Book   |c Teenagers   |e Desa - PPAJ 
999 |a 0001799897   |b Book   |c Teenagers   |e Desa - PPAJ 
999 |a 0001799898   |b Book   |c Teenagers   |e Desa - PPAJ 
999 |a 0001799899   |b Book   |c Teenagers   |e Desa - PPAJ 
999 |a 0001799900   |b Book   |c Teenagers   |e Desa - PPAJ 
999 |a 0001800024   |b Book   |c Teenagers   |e Desa - PPAJ 
999 |a 0001800520   |b Book   |c Adult Collection   |e Perbadanan Perpustakaan Awam Johor 
999 |a 0001800521   |b Book   |c Adult Collection   |e Perbadanan Perpustakaan Awam Johor 
999 |a 0001800522   |b Book   |c Adult Collection   |e Cawangan AEON Kulaijaya 
999 |a 0001800523   |b Book   |c Adult Collection   |e Perbadanan Perpustakaan Awam Johor 
999 |a 0001800524   |b Book   |c Adult Collection   |e Perbadanan Perpustakaan Awam Johor 
999 |a 0001800525   |b Book   |c Adult Collection   |e Perbadanan Perpustakaan Awam Johor 
999 |a 0001800526   |b Book   |c Adult Collection   |e Perbadanan Perpustakaan Awam Johor 
999 |a 0001800527   |b Book   |c Adult Collection   |e Perbadanan Perpustakaan Awam Johor 
999 |a 0001800528   |b Book   |c Adult Collection   |e Perbadanan Perpustakaan Awam Johor 
999 |a 0001800529   |b Book   |c Adult Collection   |e Perbadanan Perpustakaan Awam Johor 
999 |a 0001800530   |b Book   |c Adult Collection   |e Perbadanan Perpustakaan Awam Johor 
999 |a 0001800531   |b Book   |c Adult Collection   |e Perbadanan Perpustakaan Awam Johor 
999 |a 0001800532   |b Book   |c Adult Collection   |e Perbadanan Perpustakaan Awam Johor 
999 |a 0001800533   |b Book   |c Adult Collection   |e Perbadanan Perpustakaan Awam Johor 
999 |a 0001800534   |b Book   |c Adult Collection   |e Perbadanan Perpustakaan Awam Johor 
999 |a 0001800535   |b Book   |c Adult Collection   |e Perbadanan Perpustakaan Awam Johor 
999 |a 0001800536   |b Book   |c Adult Collection   |e Cawangan Taman Universiti